Central Library OPAC University of Rajshahi

Applied business mathematics for consumer and business use / (Record no. 7605)

MARC details
000 -LEADER
fixed length control field 00800cam a2200253u 4500
001 - CONTROL NUMBER
control field 7605
003 - CONTROL NUMBER IDENTIFIER
rucl marc code BD-RjUL
005 - DATE AND TIME OF LATEST TRANSACTION
control field 20211208234438.0
008 - FIXED-LENGTH DATA ELEMENTS--GENERAL INFORMATION
fixed length control field 150114s1965 ohu 000 0 eng
035 ## - SYSTEM CONTROL NUMBER
System control number (BD-RjUL)7649
040 ## - CATALOGING SOURCE
Original cataloging agency DLC
Transcribing agency CarP
Modifying agency DLC
-- BD-RjUL
Language of cataloging eng
041 ## - LANGUAGE CODE
Language code of text/sound track or separate title eng
082 ## - DEWEY DECIMAL CLASSIFICATION NUMBER
Edition number 511.8
Author mark and year PIA
100 1# - MAIN ENTRY--PERSONAL NAME
Personal name Piper, Edwin Bancroft
Dates associated with a name 1891-
9 (RLIN) 23726
245 10 - TITLE STATEMENT
Title Applied business mathematics for consumer and business use /
Statement of responsibility, etc. Edwin B. Piper, Roswell E. Fairbank, Joseph Gruber.
250 ## - EDITION STATEMENT
Edition statement 8th ed.
260 ## - PUBLICATION, DISTRIBUTION, ETC. (IMPRINT)
Place of publication, distribution, etc. Cincinnati :
Name of publisher, distributor, etc. South-western Pub. Co.
Date of publication, distribution, etc. c1965.
300 ## - PHYSICAL DESCRIPTION
Pagination ix,566 p. ;
Size 24 cm.
650 #0 - SUBJECT ADDED ENTRY--TOPICAL TERM
Topical term or geographic name as entry element Business mathematics.
9 (RLIN) 23727
700 1# - ADDED ENTRY--PERSONAL NAME
Personal name Gruber, Joseph,
Dates associated with a name 1910-
Personal name Curry, Preston Edmond,
Dates associated with a name 1887-
942 ## - ADDED ENTRY ELEMENTS (KOHA)
Source of classification or shelving scheme Dewey Decimal Classification
Koha item type Books
Holdings
Lost status Source of classification or shelving scheme Damaged status Not for loan Collection code Permanent Location Current Location Shelving location Date acquired Source of acquisition Cost, normal purchase price Total Checkouts Full call number Date last seen Copy number Koha item type
  Dewey Decimal Classification     Non-fiction Central Library, University of Rajshahi Central Library, University of Rajshahi   01/04/1970 Zeitlinger 51.00   511.8 PIA 1965 15/01/2014 C-3 Books
  Dewey Decimal Classification     Non-fiction Central Library, University of Rajshahi Central Library, University of Rajshahi   01/04/1970 Zeitlinger 51.00   511.8 PIA 1965 30/10/2016 C-2 Books
  Dewey Decimal Classification   Not For Loan Non-fiction Central Library, University of Rajshahi Central Library, University of Rajshahi Reading Room 01/04/1970 Zeitlinger 51.00   511.8 PIA 1965 05/04/2017 C-1 Books